[Event "ODJM B 2015"]
[Site "Willingen GER"]
[Date "2015.05.28"]
[Round "7"]
[White "Arnold, Leander"]
[Black "Schluckner, Paul-Leopold"]
[Result "1-0"]
[Termination "normal"]
[Board "3"]
[WhiteElo "1562"]
[BlackElo "1404"]
[WhiteClock "00:10:56"]
[BlackClock "00:04:44"]
[PlyCount "93"]
[WhiteFideId "12990230"]
[BlackFideId "12952168"]
[EventCountry "GER"]
[EventRounds "9"]
[EventType "swiss"]
[EventDate "2015.05.23"]

1. d4 d5 2. Nf3 Bf5 3. e3 Nf6 4. c4 e6 5. a3 Be7 6. Nc3 O-O 7. Be2 c5 8. dxc5
Bxc5 9. b4 Bb6 10. c5 Bc7 11. Bb2 b6 12. cxb6 Bxb6 13. Rc1 Nc6 14. Ba6 Ne7 15.
O-O Ng6 16. Ne2 Bg4 17. Ne5 Bxe2 18. Qxe2 Bc7 19. Nxg6 fxg6 20. Rc6 Qe7 21. Bd4
Bd6 22. f3 e5 23. Bb2 Rab8 24. Rfc1 Rb6 25. Rxb6 axb6 26. Rc6 Bc7 27. Qc2 Rf7
28. Bc8 Kh8 29. Be6 Rf8 30. Rxc7 Qxe6 31. Rc6 Qe7 32. Rxb6 Qa7 33. Rc6 Qxe3+
34. Qf2 Qxf2+ 35. Kxf2 d4 36. Ke2 Rb8 37. Rc5 Nd7 38. Rd5 Nb6 39. Rb5 Kg8 40.
Kd3 Kf7 41. f4 e4+ 42. Kxd4 e3 43. Kd3 Rd8+ 44. Bd4 Nd5 45. g3 Nc7 46. Rb7
Rxd4+ 47. Kxd4 1-0

[Event "ODJM B 2015"]
[Site "Willingen GER"]
[Date "2015.05.28"]
[Round "7"]
[White "Von Jan, Lena"]
[Black "Rose, Luis Stratos"]
[Result "1/2-1/2"]
[Termination "normal"]
[Board "4"]
[WhiteElo "1364"]
[BlackElo "1385"]
[WhiteClock "00:08:10"]
[BlackClock "00:27:54"]
[PlyCount "109"]
[WhiteFideId "12946060"]
[BlackFideId "12976008"]
[EventCountry "GER"]
[EventRounds "9"]
[EventType "swiss"]
[EventDate "2015.05.23"]

1. e4 g6 2. d4 d6 3. Nc3 Bg7 4. Be3 a6 5. Nf3 Nd7 6. Be2 b5 7. a3 Ngf6 8. O-O
O-O 9. Qd2 Bb7 10. d5 Nc5 11. Bd3 Nxd3 12. cxd3 c5 13. Ne2 Rc8 14. Rac1 Qd7 15.
Ng3 Rc7 16. Rc2 Rfc8 17. Rfc1 Ng4 18. h3 Nxe3 19. Qxe3 b4 20. axb4 cxb4 21. Qd2
b3 22. Rc4 Rxc4 23. Rxc4 Rxc4 24. dxc4 Qa4 25. Qc1 Qa2 26. Nd2 Bxb2 27. Qd1 Qa1
28. Qxa1 Bxa1 29. Nxb3 Bc3 30. c5 dxc5 31. Nxc5 Bc8 32. Ne2 Bb4 33. Nd3 a5 34.
Nec1 Ba6 35. Nxb4 axb4 36. f3 Bc4 37. Kf2 b3 38. Nxb3 Bxb3 39. Ke3 Kg7 40. Kf4
Kf6 41. e5+ Kg7 42. Ke4 f6 43. f4 g5 44. g3 h5 45. d6 exd6 46. exd6 Ba4 47.
fxg5 fxg5 48. Kf5 Kh6 49. Ke6 g4 50. hxg4 hxg4 51. d7 Bxd7+ 52. Kxd7 Kg5 53.
Ke6 Kg6 54. Ke5 Kg5 55. Ke4 1/2-1/2

[Event "ODJM B 2015"]
[Site "Willingen GER"]
[Date "2015.05.28"]
[Round "7"]
[White "Kose, Robert Paul"]
[Black "Lange, Cecilia"]
[Result "1-0"]
[Termination "normal"]
[Board "5"]
[WhiteElo "1453"]
[BlackElo "1597"]
[WhiteClock "00:03:28"]
[BlackClock "00:50:56"]
[PlyCount "87"]
[WhiteFideId "12982067"]
[BlackFideId "12976040"]
[EventCountry "GER"]
[EventRounds "9"]
[EventType "swiss"]
[EventDate "2015.05.23"]

1. e4 c6 2. d4 d5 3. e5 Bf5 4. Nf3 e6 5. Be2 Nd7 6. O-O Ne7 7. Nh4 h6 8. c3 Bh7
9. Nd2 c5 10. Nb3 Nc6 11. Nf3 Be7 12. Be3 c4 13. Nbd2 b5 14. b3 O-O 15. a4 bxa4
16. bxc4 dxc4 17. Qxa4 Qc7 18. Nxc4 Nb6 19. Nxb6 Qxb6 20. d5 Qb2 21. Ra2 Qxc3
22. dxc6 a5 23. Rc1 Qb4 24. Qxb4 Bxb4 25. c7 Rfc8 26. Bd2 Bxd2 27. Rxd2 Be4 28.
h3 Kh7 29. Bd3 Bxd3 30. Rxd3 Ra7 31. Rd7 a4 32. Nd4 a3 33. Rxf7 a2 34. Ra1
Raxc7 35. Rxc7 Rxc7 36. Rxa2 Rc1+ 37. Kh2 Re1 38. Nf3 Kg6 39. Kg3 Kf7 40. Ra7+
Kf8 41. Nxe1 g6 42. Kf4 Kg8 43. Nd3 Kf8 44. Nc5 1-0

[Event "ODJM B 2015"]
[Site "Willingen GER"]
[Date "2015.05.28"]
[Round "7"]
[White "Lommel, Hagen"]
[Black "Hoppe, Nico"]
[Result "1/2-1/2"]
[Termination "normal"]
[Board "6"]
[WhiteElo "1561"]
[BlackElo "1086"]
[WhiteClock "00:41:38"]
[BlackClock "00:18:09"]
[PlyCount "42"]
[WhiteFideId "12972380"]
[BlackFideId "16225520"]
[EventCountry "GER"]
[EventRounds "9"]
[EventType "swiss"]
[EventDate "2015.05.23"]

1. e4 e5 2. Nf3 Nc6 3. Bb5 Nge7 4. Nc3 g6 5. O-O Bg7 6. d3 h6 7. Be3 O-O 8. Qd2
Kh7 9. d4 exd4 10. Nxd4 a6 11. Bxc6 Nxc6 12. Rad1 d6 13. f3 Be6 14. b3 Ne7 15.
Nce2 Bd7 16. Ng3 d5 17. Nde2 Bc6 18. Bc5 h5 19. Bxe7 Qxe7 20. exd5 Qc5+ 21. Kh1
Rad8 1/2-1/2

[Event "ODJM B 2015"]
[Site "Willingen GER"]
[Date "2015.05.28"]
[Round "7"]
[White "Caliebe, Nanke"]
[Black "Petri, Ben-Luca"]
[Result "1-0"]
[Termination "normal"]
[Board "7"]
[WhiteElo "1502"]
[BlackElo "1481"]
[PlyCount "35"]
[WhiteFideId "12980528"]
[BlackFideId "12947261"]
[EventCountry "GER"]
[EventRounds "9"]
[EventType "swiss"]
[EventDate "2015.05.23"]

1. d4 d5 2. c4 e5 3. dxe5 d4 4. Nf3 Nc6 5. e3 Bb4+ 6. Bd2 dxe3 7. fxe3 Bg4 8.
Qa4 Bxd2+ 9. Nbxd2 Nge7 10. O-O-O Ng6 11. c5 Qe7 12. Qxg4 Qxc5+ 13. Kb1 Rd8 14.
Bc4 O-O 15. Qh5 b5 16. Ng5 h6 17. Bxf7+ Rxf7 18. Nxf7 1-0

[Event "ODJM B 2015"]
[Site "Willingen GER"]
[Date "2015.05.28"]
[Round "7"]
[White "Frohnhäuser, Simon"]
[Black "Zell, Mirjam"]
[Result "0-1"]
[Termination "normal"]
[Board "8"]
[WhiteElo "1548"]
[BlackElo "1336"]
[PlyCount "92"]
[WhiteFideId "16208528"]
[BlackFideId "16208544"]
[EventCountry "GER"]
[EventRounds "9"]
[EventType "swiss"]
[EventDate "2015.05.23"]

1. e4 e5 2. Nf3 Nc6 3. d4 exd4 4. Bc4 h6 5. Nxd4 Bc5 6. Be3 Qf6 7. c3 d6 8. O-O
Nge7 9. Re1 O-O 10. b4 Bxd4 11. Bxd4 Nxd4 12. cxd4 Nc6 13. Nc3 Qxd4 14. Qb3 Ne5
15. Bf1 Ng4 16. Qb2 Nxf2 17. Qxf2 Qxc3 18. Rac1 Qxb4 19. Rxc7 Be6 20. Bd3 Rfc8
21. Rb1 Qa3 22. Rxc8+ Rxc8 23. Bf1 Qxa2 24. Rxb7 Qxf2+ 25. Kxf2 Ra8 26. Ba6 Bc8
27. Rxa7 Rxa7 28. Bxc8 Ra3 29. Bb7 g6 30. Bd5 Kg7 31. g4 Kf6 32. Kg2 g5 33. Kf2
Ke5 34. Bc6 Kf4 35. Kg2 Kxg4 36. h3+ Kf4 37. Bd5 Re3 38. h4 gxh4 39. Bxf7 Kxe4
40. Bh5 d5 41. Bd1 d4 42. Kf1 d3 43. Kg2 d2 44. Kh2 Re1 45. Bg4 d1=Q 46. Bf3+
Kxf3 0-1

[Event "ODJM B 2015"]
[Site "Willingen GER"]
[Date "2015.05.28"]
[Round "7"]
[White "Zimmer, Luca"]
[Black "Bilau, Max"]
[Result "1-0"]
[Termination "normal"]
[Board "9"]
[WhiteElo "1496"]
[BlackElo "1640"]
[PlyCount "27"]
[WhiteFideId "12921424"]
[BlackFideId "12974838"]
[EventCountry "GER"]
[EventRounds "9"]
[EventType "swiss"]
[EventDate "2015.05.23"]

1. e4 d5 2. exd5 Qxd5 3. Nc3 Qa5 4. d4 Nf6 5. Bc4 Bf5 6. Qe2 c6 7. Bd2 Bxc2 8.
Nf3 Bg6 9. Ne5 Nbd7 10. Nb5 Qb6 11. Nd6+ exd6 12. Nxg6+ Kd8 13. Nxh8 Qxb2 14.
Ba5+ 1-0

[Event "ODJM B 2015"]
[Site "Willingen GER"]
[Date "2015.05.28"]
[Round "7"]
[White "Grunert, Friedrich"]
[Black "Fromm, Johannes"]
[Result "1-0"]
[Termination "normal"]
[Board "10"]
[WhiteElo "1492"]
[BlackElo "1454"]
[PlyCount "97"]
[WhiteFideId "12995592"]
[BlackFideId "12993204"]
[EventCountry "GER"]
[EventRounds "9"]
[EventType "swiss"]
[EventDate "2015.05.23"]

1. e4 e5 2. Nf3 Nf6 3. Nxe5 d6 4. Nf3 Nxe4 5. Nc3 Nxc3 6. dxc3 Be7 7. Bd3 Nd7
8. Bf4 Nf6 9. Qd2 Be6 10. a3 h6 11. O-O-O Qd7 12. Kb1 O-O-O 13. Nd4 g5 14. Nxe6
fxe6 15. Be3 Nd5 16. Bxa7 c5 17. c4 Nf4 18. g3 Nxd3 19. cxd3 Rdf8 20. Rhf1 Qc6
21. d4 Qa6 22. dxc5 Qxa7 23. cxd6 Rd8 24. Qe2 Bxd6 25. Qxe6+ Kc7 26. Rd5 Qa6
27. Rfd1 Qb6 28. Rxd6 Qxd6 29. Rxd6 Rxd6 30. Qe5 Rhd8 31. c5 Kc6 32. cxd6 Rxd6
33. f4 gxf4 34. gxf4 Rd1+ 35. Ka2 Rd5 36. Qe6+ Rd6 37. Qf7 Rd2 38. f5 Rxh2 39.
f6 Kb6 40. Qe8 Ka7 41. f7 h5 42. f8=Q Rxb2+ 43. Kxb2 h4 44. Qc5+ b6 45. Qd7+
Ka6 46. Qdc8+ Ka7 47. Q8c7+ Ka8 48. Q5xb6 h3 49. Qcb8# 1-0

[Event "ODJM B 2015"]
[Site "Willingen GER"]
[Date "2015.05.28"]
[Round "7"]
[White "Feil, Alexander"]
[Black "Yi, Wendy"]
[Result "0-1"]
[Termination "normal"]
[Board "11"]
[WhiteElo "1378"]
[BlackElo "1401"]
[PlyCount "104"]
[WhiteFideId "4002954"]
[BlackFideId "16224850"]
[EventCountry "GER"]
[EventRounds "9"]
[EventType "swiss"]
[EventDate "2015.05.23"]

1. e4 e5 2. d4 exd4 3. c3 dxc3 4. Nxc3 Bb4 5. Nf3 d6 6. Bc4 Nf6 7. Bxf7+ Kxf7
8. Qb3+ Kf8 9. Qxb4 Nc6 10. Qb3 Qe8 11. O-O Bg4 12. Nd2 Rb8 13. h3 h5 14. Nd5
Be6 15. Nxf6 gxf6 16. Qc3 Qg6 17. Qg3 Rg8 18. Qh2 Kf7 19. Re1 Nd4 20. Re3 Rg7
21. Kf1 h4 22. Nf3 Bc4+ 23. Ke1 Nc2+ 24. Kd1 Nxe3+ 25. fxe3 Qxe4 26. Ne1 Rbg8
27. Bd2 Qd5 28. b3 Qh5+ 29. Kc1 Bd5 30. Rb1 Bxg2 31. Qf4 Qc5+ 32. Kd1 Bxh3 33.
Rc1 Bg4+ 34. Nf3 Bxf3+ 35. Qxf3 Rg1+ 36. Be1 Rxe1+ 37. Kxe1 Qxc1+ 38. Ke2 Qc2+
39. Kf1 Rg3 40. Qh5+ Ke6 41. Qe8+ Kd5 42. Qb5+ Qc5 43. Qd3+ Kc6 44. Qe4+ Kb6
45. Qf4 Qc1+ 46. Kf2 Qd2+ 47. Kf1 Qd1+ 48. Kf2 Qg1+ 49. Ke2 Rg2+ 50. Kd3 Qb1+
51. Kc4 Qc2+ 52. Kd4 Rd2# 0-1

[Event "ODJM B 2015"]
[Site "Willingen GER"]
[Date "2015.05.28"]
[Round "7"]
[White "Leib, Amina"]
[Black "Wiemann, Daniel"]
[Result "1/2-1/2"]
[Termination "normal"]
[Board "12"]
[WhiteElo "1228"]
[BlackElo "1419"]
[PlyCount "113"]
[WhiteFideId "12982970"]
[BlackFideId "12942944"]
[EventCountry "GER"]
[EventRounds "9"]
[EventType "swiss"]
[EventDate "2015.05.23"]

1. d4 Nc6 2. Nf3 d6 3. Bf4 Nf6 4. h3 Bf5 5. e3 h6 6. c4 e6 7. Nc3 a6 8. Bd3 Ne7
9. O-O Ng6 10. Bh2 Be7 11. e4 Bxe4 12. Nxe4 c6 13. Nxf6+ gxf6 14. Re1 e5 15.
dxe5 fxe5 16. Bxg6 fxg6 17. c5 dxc5 18. Qxd8+ Rxd8 19. Nxe5 Rg8 20. Nxc6 bxc6
21. Rac1 Kf8 22. Rc3 Rd2 23. Rce3 Rg7 24. Be5 Rf7 25. f3 c4 26. Re4 Bc5+ 27.
Kh2 Rxf3 28. Rxc4 Bf2 29. gxf3 Bxe1+ 30. Kh1 Rd5 31. Bc7 c5 32. Ra4 a5 33. Bxa5
Bxa5 34. Rxa5 Rd1+ 35. Kg2 Rd2+ 36. Kg3 Rxb2 37. a4 c4 38. Rc5 Rb4 39. a5 Ra4
40. Kf4 c3+ 41. Ke3 c2 42. Kd2 Ra2 43. Kc1 Kf7 44. Rc7+ Kg8 45. Rc8+ Kg7 46.
Ra8 Kf6 47. a6 Kg5 48. a7 Kh5 49. Kd2 Kh4 50. Rg8 Rxa7 51. Rxg6 Kxh3 52. Rf6
Rc7 53. Kc1 Kg3 54. f4 Kg4 55. f5 h5 56. Rf8 Kg5 57. Rh8 1/2-1/2

[Event "ODJM B 2015"]
[Site "Willingen GER"]
[Date "2015.05.28"]
[Round "7"]
[White "Tham, Nam"]
[Black "Chalabi, Tom"]
[Result "1-0"]
[Termination "normal"]
[Board "13"]
[WhiteElo "1547"]
[BlackElo "1119"]
[PlyCount "65"]
[WhiteFideId "12997331"]
[BlackFideId "4003012"]
[EventCountry "GER"]
[EventRounds "9"]
[EventType "swiss"]
[EventDate "2015.05.23"]

1. e4 e5 2. Nf3 Nf6 3. Nxe5 d6 4. Nf3 Nxe4 5. Nc3 Nxc3 6. dxc3 Be7 7. Be3 O-O
8. Qd2 Qe8 9. O-O-O Qa4 10. Kb1 Be6 11. a3 Nc6 12. h4 Bf6 13. h5 Bc4 14. b3
Bxb3 15. cxb3 Qxb3+ 16. Qb2 Qxd1+ 17. Bc1 Rfe8 18. Rg1 Re4 19. Bc4 Qa4 20. Bd3
Re7 21. g4 Qa5 22. Bd2 Qb6 23. g5 Qxb2+ 24. Kxb2 Ne5 25. gxf6 Nxf3 26. Rxg7+
Kf8 27. Bxh7 Ke8 28. Rg8+ Kd7 29. fxe7 Rxg8 30. Bxg8 Nxd2 31. h6 Nc4+ 32. Kb3
Ne5 33. h7 1-0

[Event "ODJM B 2015"]
[Site "Willingen GER"]
[Date "2015.05.28"]
[Round "7"]
[White "Reuker, Ronja"]
[Black "Pahl, Theis"]
[Result "1/2-1/2"]
[Termination "normal"]
[Board "14"]
[WhiteElo "1102"]
[BlackElo "1570"]
[PlyCount "79"]
[WhiteFideId "12947172"]
[BlackFideId "16201264"]
[EventCountry "GER"]
[EventRounds "9"]
[EventType "swiss"]
[EventDate "2015.05.23"]

1. e4 e5 2. Nf3 Nc6 3. Bb5 f5 4. d3 fxe4 5. dxe4 Nf6 6. Nc3 Bb4 7. Bg5 d6 8.
Qd3 h6 9. Bh4 g5 10. Bg3 Nh5 11. O-O-O Bxc3 12. Qxc3 Bd7 13. Bc4 Qf6 14. Rhf1
Nf4 15. Ne1 Nd4 16. Bxf4 Qxf4+ 17. Qe3 O-O-O 18. Qxf4 gxf4 19. f3 b5 20. Bd3
Rhg8 21. c3 Ne6 22. Be2 Nc5 23. Kb1 Bc6 24. Rf2 Rg5 25. Nc2 Rdg8 26. Bf1 a6 27.
Nb4 Bb7 28. Nd5 R8g7 29. Rdd2 Nd7 30. c4 Bxd5 31. cxd5 h5 32. Rc2 h4 33. h3 Nf6
34. Rc6 Kb7 35. Rfc2 Nh5 36. b3 Ng3 37. Bd3 Nh5 38. Bf1 Ng3 39. Bd3 Nh5 40. Bf1
1/2-1/2

[Event "ODJM B 2015"]
[Site "Willingen GER"]
[Date "2015.05.28"]
[Round "7"]
[White "Schulze, Lukas"]
[Black "Ning, Felix"]
[Result "0-1"]
[Termination "normal"]
[Board "15"]
[WhiteElo "1252"]
[BlackElo "1507"]
[PlyCount "108"]
[WhiteFideId "12956856"]
[BlackFideId "12988553"]
[EventCountry "GER"]
[EventRounds "9"]
[EventType "swiss"]
[EventDate "2015.05.23"]

1. e4 c5 2. d4 cxd4 3. c3 dxc3 4. Nxc3 g6 5. Bc4 Bg7 6. Nf3 Qc7 7. Qe2 a6 8.
O-O b5 9. Bd5 Nc6 10. e5 b4 11. Nd1 Bb7 12. Bf4 e6 13. Bxc6 Bxc6 14. Rc1 Qb7
15. Ne3 Ne7 16. Bg5 Bxf3 17. Qxf3 Qxf3 18. gxf3 Bxe5 19. Nc4 Bc7 20. Rfd1 d5
21. Ne3 Be5 22. Bxe7 Kxe7 23. Re1 Bxb2 24. Rc2 d4 25. Rxb2 dxe3 26. fxe3 a5 27.
a3 Rab8 28. axb4 axb4 29. Reb1 Rhc8 30. Rxb4 Rxb4 31. Rxb4 Rc3 32. Kf2 h5 33.
Rb7+ Kf6 34. Rb5 e5 35. e4 h4 36. h3 Rc2+ 37. Kg1 Re2 38. Rb6+ Kg5 39. Rb7 f5
40. exf5 gxf5 41. Rg7+ Kf4 42. Rf7 Kg3 43. Rg7+ Kxf3 44. Kf1 Rh2 45. Kg1 Rxh3
46. Rg2 Rg3 47. Kh1 h3 48. Rxg3+ Kxg3 49. Kg1 f4 50. Kh1 e4 51. Kg1 f3 52. Kh1
e3 53. Kg1 e2 54. Kh1 e1=R# 0-1

[Event "ODJM B 2015"]
[Site "Willingen GER"]
[Date "2015.05.28"]
[Round "7"]
[White "Kostanyan, Hakob"]
[Black "Rapp, Lukas"]
[Result "1-0"]
[Termination "normal"]
[Board "16"]
[WhiteElo "1532"]
[BlackElo "1627"]
[PlyCount "67"]
[WhiteFideId "12977683"]
[BlackFideId "12989320"]
[EventCountry "GER"]
[EventRounds "9"]
[EventType "swiss"]
[EventDate "2015.05.23"]

1. e4 c5 2. Nf3 d6 3. d4 cxd4 4. Nxd4 Nf6 5. Nc3 a6 6. f3 e5 7. Nb3 Be6 8. Be3
Be7 9. Qd2 Nbd7 10. O-O-O O-O 11. g4 b5 12. h4 b4 13. Nd5 Bxd5 14. exd5 a5 15.
Kb1 Nb6 16. Bxb6 Qxb6 17. h5 Rfb8 18. g5 Nd7 19. g6 h6 20. gxf7+ Kxf7 21. Bh3
Ke8 22. Qd3 Kd8 23. Rhg1 Bf6 24. Qf5 Ra7 25. Nd2 Nc5 26. Nc4 Qa6 27. Rg4 a4 28.
Rdg1 b3 29. Qxf6+ Re7 30. Qxd6+ Qxd6 31. Nxd6 bxc2+ 32. Kxc2 Rd7 33. Rc4 Rxd6
34. Rxc5 1-0

[Event "ODJM B 2015"]
[Site "Willingen GER"]
[Date "2015.05.28"]
[Round "7"]
[White "Blinov, Sergei"]
[Black "Wu, Erik"]
[Result "0-1"]
[Termination "normal"]
[Board "17"]
[WhiteElo "1242"]
[BlackElo "1441"]
[PlyCount "84"]
[BlackFideId "12977489"]
[EventCountry "GER"]
[EventRounds "9"]
[EventType "swiss"]
[EventDate "2015.05.23"]

1. e4 c5 2. c3 d5 3. d4 dxe4 4. Bb5+ Bd7 5. Bxd7+ Qxd7 6. Ne2 Nc6 7. O-O O-O-O
8. Be3 e5 9. Nd2 exd4 10. cxd4 cxd4 11. Bf4 f5 12. Nb3 Be7 13. Ng3 g5 14. Bd2
Nf6 15. Bxg5 h5 16. Bh4 Rdg8 17. Rc1 Rg4 18. Bxf6 Bxf6 19. h3 Rg5 20. Qc2 Kb8
21. Nc5 Qd6 22. Qb3 Rh7 23. Nxf5 Qf8 24. Ng3 Na5 25. Qb5 Qe7 26. Qxa5 b6 27.
Na6+ Kb7 28. Qa4 Ra5 29. Qc4 Qf8 30. Nb4 Rc5 31. Qb3 Rb5 32. Qc4 Rxb4 33. Qc6+
Kb8 34. b3 Be5 35. Nxe4 Rg7 36. Nd2 Rg8 37. a3 Qf4 38. g3 Qxd2 39. axb4 Bxg3
40. fxg3 Rxg3+ 41. Kh1 Rxh3+ 42. Kg1 Qh2# 0-1

[Event "ODJM B 2015"]
[Site "Willingen GER"]
[Date "2015.05.28"]
[Round "7"]
[White "Grunert, Wilhelm"]
[Black "Youness, Fatima"]
[Result "0-1"]
[Termination "normal"]
[Board "18"]
[WhiteElo "1205"]
[BlackElo "1369"]
[PlyCount "184"]
[WhiteFideId "12995673"]
[BlackFideId "16214404"]
[EventCountry "GER"]
[EventRounds "9"]
[EventType "swiss"]
[EventDate "2015.05.23"]

1. e4 e5 2. Nf3 Nc6 3. Bb5 d6 4. h3 Nf6 5. d3 Bd7 6. Bg5 Be7 7. c3 a6 8. Ba4 h6
9. Be3 b5 10. Bc2 d5 11. Nbd2 Be6 12. d4 Bd6 13. dxe5 Nxe5 14. Nxe5 Bxe5 15. f4
Bd6 16. e5 Nd7 17. exd6 Qh4+ 18. Kf1 cxd6 19. Nf3 Qh5 20. Kf2 f5 21. Nd4 Qf7
22. Nxe6 Qxe6 23. Qh5+ g6 24. Qf3 O-O-O 25. Rad1 Nf6 26. Bb3 Ne4+ 27. Ke2 Nf6
28. Bxd5 Nxd5 29. Qxd5 Qxd5 30. Rxd5 Rhe8 31. Rhd1 Kc7 32. Kf3 Re4 33. Bc5 Re6
34. g4 fxg4+ 35. Kxg4 Kc6 36. f5 Re4+ 37. Kf3 Rde8 38. Bxd6 Re3+ 39. Kg2 Re2+
40. Kf1 gxf5 41. Rxf5 Rxb2 42. Re5 Rd8 43. Re6 Kb7 44. Rxh6 Rxa2 45. h4 a5 46.
Re6 a4 47. Ke1 a3 48. Bb4 Ra8 49. Rd7+ Kc8 50. Re8+ Kxd7 51. Rxa8 Ra1+ 52. Kf2
a2 53. h5 Rh1 54. Rxa2 Rh2+ 55. Kg3 Rxa2 56. h6 Ra8 57. Kg4 Ke6 58. Kg5 Rg8+
59. Kh5 Kf5 60. h7 Rg1 61. Kh6 Rg6+ 62. Kh5 Rg5+ 63. Kh4 Rg1 64. Kh3 Rh1+ 65.
Kg2 Rxh7 66. Kf3 Rh3+ 67. Ke2 Ke4 68. Kd2 Kd5 69. Ba3 Kc4 70. Bb4 Rg3 71. Ba5
Rg2+ 72. Kc1 Kb3 73. Bb4 Rc2+ 74. Kb1 Rxc3 75. Ba5 b4 76. Bd8 Rd3 77. Bg5 Rd1+
78. Bc1 Rxc1+ 79. Kxc1 Ka2 80. Kc2 b3+ 81. Kd3 b2 82. Kd4 b1=Q 83. Kd5 Qb4 84.
Ke5 Qc4 85. Kd6 Kb3 86. Ke5 Kb4 87. Kd6 Qe4 88. Kc7 Qe5+ 89. Kc6 Kc4 90. Kd7
Kc5 91. Kd8 Kc6 92. Kc8 Qc7# 0-1

[Event "ODJM B 2015"]
[Site "Willingen GER"]
[Date "2015.05.28"]
[Round "7"]
[White "Fromm, Marius"]
[Black "Lilienthal, Niels Bennett"]
[Result "0-1"]
[Termination "normal"]
[Board "19"]
[WhiteElo "1328"]
[BlackElo "1246"]
[PlyCount "54"]
[WhiteFideId "12993190"]
[BlackFideId "16205421"]
[EventCountry "GER"]
[EventRounds "9"]
[EventType "swiss"]
[EventDate "2015.05.23"]

1. e4 e5 2. Nf3 Nc6 3. Bc4 Bc5 4. c3 d6 5. d4 exd4 6. cxd4 Bb6 7. Nc3 Bg4 8.
Be3 Nf6 9. Rg1 Rg8 10. a3 Qe7 11. Qd3 h6 12. O-O-O O-O-O 13. h3 Bh5 14. g4 Bg6
15. Nd2 d5 16. Bb5 dxe4 17. Qc4 Nxd4 18. Ndxe4 Nxb5 19. Nxf6 Qxf6 20. Nxb5 a6
21. Bxb6 Qxb6 22. Nd4 Qf6 23. Rd2 Rd7 24. Rgd1 Rgd8 25. Qa4 Qf4 26. Nc6 Qxa4
27. Nxd8 Qc4+ 0-1

[Event "ODJM B 2015"]
[Site "Willingen GER"]
[Date "2015.05.28"]
[Round "7"]
[White "Zimmer, Claudius"]
[Black "Nimptsch, Nikolas"]
[Result "1/2-1/2"]
[Termination "normal"]
[Board "20"]
[WhiteElo "1105"]
[BlackElo "1302"]
[PlyCount "113"]
[BlackFideId "16245334"]
[EventCountry "GER"]
[EventRounds "9"]
[EventType "swiss"]
[EventDate "2015.05.23"]

1. e4 c5 2. Nf3 e6 3. d4 cxd4 4. Nxd4 Nc6 5. Nc3 a6 6. Be3 Nf6 7. f3 Qc7 8. Qd2
b5 9. a3 Bb7 10. Be2 Bd6 11. f4 e5 12. Nxc6 Bxc6 13. fxe5 Bxe5 14. Nd5 Bxd5 15.
exd5 Bxb2 16. d6 Qc3 17. Bf3 Qxd2+ 18. Kxd2 Bxa1 19. Bxa8 O-O 20. Bb7 Be5 21.
Bxa6 Bxd6 22. Bxb5 Bxa3 23. Bd4 Be7 24. Re1 Bd6 25. Bxf6 gxf6 26. Bxd7 Bxh2 27.
Bb5 Ra8 28. Bd3 h6 29. Kc3 Kg7 30. Kd4 Be5+ 31. Kd5 Ra2 32. g4 Ra5+ 33. Kc6 Bc3
34. Rb1 h5 35. gxh5 Rxh5 36. Rb3 Be5 37. Bb5 f5 38. Rf3 f4 39. c4 Rg5 40. Kb6
Rg3 41. Bc6 Kf6 42. Bd5 Rxf3 43. Bxf3 Kg5 44. c5 Kh4 45. c6 Kg3 46. Be2 f3 47.
Bd3 Kf4 48. c7 Bxc7+ 49. Kxc7 f2 50. Bf1 f5 51. Kd6 Ke4 52. Kc5 Ke3 53. Kd5 f4
54. Ke5 f3 55. Kf5 Kd2 56. Kf4 Ke1 57. Ba6 1/2-1/2

[Event "ODJM B 2015"]
[Site "Willingen GER"]
[Date "2015.05.28"]
[Round "7"]
[White "Kotyk, Michael"]
[Black "Frank, Cillian"]
[Result "1-0"]
[Termination "normal"]
[Board "21"]
[WhiteElo "1296"]
[BlackElo "954"]
[PlyCount "71"]
[WhiteFideId "16214501"]
[BlackFideId "16245202"]
[EventCountry "GER"]
[EventRounds "9"]
[EventType "swiss"]
[EventDate "2015.05.23"]

1. e4 e5 2. Nc3 Nf6 3. f4 d6 4. Nf3 Nc6 5. d4 Bg4 6. Bb5 Bxf3 7. gxf3 exd4 8.
Qxd4 Qe7 9. Nd5 Nxd5 10. Qxd5 Kd8 11. Bxc6 bxc6 12. Qxc6 Qh4+ 13. Ke2 Rb8 14.
e5 Qe7 15. Rd1 g6 16. Kf1 Qe6 17. Kg2 Be7 18. Qa6 Kd7 19. Qa4+ Kc8 20. Qxa7 g5
21. Qa6+ Rb7 22. exd6 Bxd6 23. fxg5 Kb8 24. b3 Rb6 25. Qf1 Bxh2 26. f4 h6 27.
Bb2 Rh7 28. Rd8+ Kb7 29. Qf3+ Ka6 30. Ra8+ Kb5 31. a4+ Kc5 32. Ra5+ Kd6 33.
Rd1+ Ke7 34. Re5 hxg5 35. Rxe6+ Kxe6 36. Qe4# 1-0

[Event "ODJM B 2015"]
[Site "Willingen GER"]
[Date "2015.05.28"]
[Round "7"]
[White "Reuter, Marek"]
[Black "Borgmann, Simon"]
[Result "0-1"]
[Termination "normal"]
[Board "22"]
[WhiteElo "955"]
[BlackElo "1289"]
[PlyCount "60"]
[WhiteFideId "16226712"]
[BlackFideId "16234677"]
[EventCountry "GER"]
[EventRounds "9"]
[EventType "swiss"]
[EventDate "2015.05.23"]

1. Nc3 Nc6 2. d4 d5 3. Bf4 a6 4. e3 Nf6 5. f3 Bf5 6. g4 Bg6 7. Bd3 Bxd3 8. Qxd3
e6 9. a3 Bd6 10. Bg3 Qe7 11. O-O-O Na5 12. Bxd6 Qxd6 13. e4 dxe4 14. fxe4 Nxg4
15. Nf3 Nf2 16. Qe3 Nxd1 17. Nxd1 h6 18. Rg1 g5 19. Qc3 b6 20. Ne3 Qc6 21. Qd3
Rf8 22. Ne5 Qd6 23. Rg3 f6 24. N3c4 Nxc4 25. Nxc4 Qf4+ 26. Kd1 Rd8 27. Rf3 Qxh2
28. Qb3 Rxd4+ 29. Ke1 Qg1+ 30. Ke2 Rxe4+ 0-1

[Event "ODJM B 2015"]
[Site "Willingen GER"]
[Date "2015.05.28"]
[Round "7"]
[White "Lohrmann, Linus"]
[Black "Bardorz, Stefan"]
[Result "0-1"]
[Termination "normal"]
[Board "23"]
[WhiteElo "911"]
[BlackElo "1241"]
[PlyCount "78"]
[WhiteFideId "12982857"]
[BlackFideId "16245474"]
[EventCountry "GER"]
[EventRounds "9"]
[EventType "swiss"]
[EventDate "2015.05.23"]

1. e4 e5 2. Nf3 Nc6 3. Bc4 Nf6 4. Nc3 Nxe4 5. Nxe4 d5 6. Bxd5 Qxd5 7. d3 Bf5 8.
O-O O-O-O 9. c4 Qxd3 10. Qxd3 Rxd3 11. Nc5 Bxc5 12. a3 Rhd8 13. Bg5 f6 14. Bh4
g5 15. Bg3 h5 16. h3 h4 17. Bh2 Be4 18. b4 Bd4 19. Nxd4 R8xd4 20. c5 Rc4 21.
Rfe1 Bf5 22. b5 Nd4 23. a4 Rxc5 24. g4 Be6 25. Rf1 Rxh3 26. Rfd1 Bxg4 27. Rdb1
Nf3+ 28. Kf1 Nd2+ 29. Kg1 Nf3+ 30. Kf1 Rxh2 31. Rd1 Rh1+ 32. Kg2 Rxd1 33. Rxd1
h3+ 34. Kg3 f5 35. Rb1 Rc3 36. Rd1 Nh4+ 37. f3 Rxf3+ 38. Kh2 Rf2+ 39. Kg3 Rg2#
0-1

[Event "ODJM B 2015"]
[Site "Willingen GER"]
[Date "2015.05.28"]
[Round "7"]
[White "Brunner, Alexander"]
[Black "Knerr, Sebastian"]
[Result "0-1"]
[Termination "normal"]
[Board "24"]
[WhiteElo "840"]
[BlackElo "1259"]
[PlyCount "50"]
[WhiteFideId "12965278"]
[BlackFideId "16266013"]
[EventCountry "GER"]
[EventRounds "9"]
[EventType "swiss"]
[EventDate "2015.05.23"]

1. e4 e5 2. d4 exd4 3. Qxd4 Nc6 4. Qe3 b6 5. Bd2 Bc5 6. Qg3 Bd4 7. Nc3 Bb7 8.
O-O-O g6 9. f4 Qe7 10. Nf3 Bg7 11. f5 O-O-O 12. Bc4 Ne5 13. Bf4 Nxc4 14. Bxc7
Bxc3 15. Bxd8 Bxb2+ 16. Kb1 Qxd8 17. Rd3 Bxe4 18. Rdd1 Bxf3 19. Qxf3 Qc7 20.
Rhe1 Nf6 21. Re2 Re8 22. Rde1 Rxe2 23. Rxe2 Qxh2 24. Re1 Nd2+ 25. Kxb2 Nxf3 0-1